Territorio y gestión del desarrollo : (Record no. 217405)
[ view plain ]
| 000 -CABECERA | |
|---|---|
| campo de control de longitud fija | 00971 a2200229 4500 |
| 003 - IDENTIFICADOR DEL NÚMERO DE CONTROL | |
| campo de control | OSt |
| 005 - FECHA Y HORA DE LA ÚLTIMA TRANSACCIÓN | |
| campo de control | 20230331141301.0 |
| 008 - DATOS DE LONGITUD FIJA--INFORMACIÓN GENERAL | |
| campo de control de longitud fija | 220729s2015 mx a||||r|||| 00| 0 spa d |
| 020 ## - NÚMERO INTERNACIONAL ESTÁNDAR DEL LIBRO | |
| Número Internacional Estándar del Libro | 9786074028560 |
| 040 ## - FUENTE DE LA CATALOGACIÓN | |
| Centro/agencia transcriptor | CHAP |
| 082 00 - NÚMERO DE LA CLASIFICACIÓN DECIMAL DEWEY | |
| Número de clasificación | 307.1213098 |
| Número de documento/Ítem | H55 |
| Número de edición | 22 |
| 100 1# - ENTRADA PRINCIPAL--NOMBRE DE PERSONA | |
| 9 (RLIN) | 54386 |
| Nombre de persona | Hernández Moreno, María del Carmen |
| 245 10 - MENCIÓN DE TÍTULO | |
| Título | Territorio y gestión del desarrollo : |
| Resto del título | epistemologías y experiencias / |
| Mención de responsabilidad, etc. | por María del Carmen Hernández Moreno, César Adrián Ramírez Miranda y Carlos Ricardo Menéndez Gámiz |
| 264 ## - PRODUCCIÓN, PUBLICACIÓN, DISTRIBUCIÓN, FABRICACIÓN Y COPYRIGHT | |
| Producción, publicación, distribución, fabricación y copyright | México, D. F. : |
| Nombre del de productor, editor, distribuidor, fabricante | Red de Gestión Territorial del Desarrollo Rural : |
| -- | Plaza y Valdés, |
| Fecha de producción, publicación, distribución, fabricación o copyright | 2015. |
| 300 ## - DESCRIPCIÓN FÍSICA | |
| Extensión | 355 páginas. |
| Otras características físicas | figuras, gráficas, cuadros. |
| 504 ## - NOTA DE BIBLIOGRAFÍA, ETC. | |
| Nota de bibliografía, etc. | Incluye referencias. |
| 650 #2 - PUNTO DE ACCESO ADICIONAL DE MATERIA--TÉRMINO DE MATERIA | |
| 9 (RLIN) | 131196 |
| Término de materia o nombre geográfico como elemento de entrada | Desarrollo rural |
| Subdivisión geográfica | América Latina |
| 650 #2 - PUNTO DE ACCESO ADICIONAL DE MATERIA--TÉRMINO DE MATERIA | |
| 9 (RLIN) | 186585 |
| Término de materia o nombre geográfico como elemento de entrada | Ordenamiento territorial |
| Subdivisión geográfica | América Latina |
| 700 1# - PUNTO DE ACCESO ADICIONAL--NOMBRE DE PERSONA | |
| 9 (RLIN) | 94152 |
| Nombre de persona | Ramírez Miranda, César Adrián |
| 700 1# - PUNTO DE ACCESO ADICIONAL--NOMBRE DE PERSONA | |
| 9 (RLIN) | 186583 |
| Nombre de persona | Menéndez Gamíz, Carlos Ricardo |
| 942 ## - ELEMENTOS DE PUNTO DE ACCESO ADICIONAL (KOHA) | |
| Fuente del sistema de clasificación o colocación | Dewey Decimal Classification |
| Tipo de ítem Koha | Libro |
| Estado de retiro | Estado de pérdida | Fuente del sistema de clasificación o colocación | Estado dañado | Restricciones de uso | No para préstamo | Código de colección | Localización permanente | Ubicación/localización actual | Ubicación en estantería | Fecha de adquisición | Total de préstamos | Renovaciones totales | Signatura topográfica completa | Código de barras | Fecha visto por última vez | Fecha del último préstamo | Precio válido a partir de | Tipo de ítem Koha | Número de copia |
|---|---|---|---|---|---|---|---|---|---|---|---|---|---|---|---|---|---|---|---|
| Dewey Decimal Classification | Préstamo 15 días | General | Biblioteca Central | Biblioteca Central | Planta alta - Colección General | 29/03/2023 | 1 | 2 | 307.1213098 H55 | 33724002567421 | 19/03/2024 | 31/01/2024 | 29/03/2023 | Libro | |||||
| Dewey Decimal Classification | Préstamo 15 días | General | Biblioteca Central | Biblioteca Central | Planta alta - Colección General | 29/03/2023 | 307.1213098 H55 | 33724002567412 | 29/03/2023 | 29/03/2023 | Libro | c.2 |
